书目信息 |
| 题名: |
7S倍速学习法
|
|
| 作者: | ;高效能学习研究机构 著 | |
| 分册: | ||
| 出版信息: | 北京 中国民航出版社 2005.01 |
|
| 页数: | 376页 | |
| 开本: | 21cm | |
| 丛书名: | ||
| 单 册: | ||
| 中图分类: | G791 | |
| 科图分类: | ||
| 主题词: | 学习方法--xue xi fang fa | |
| 电子资源: | ||
| ISBN: | 7-80110-643-1 | |
| 000 | 00853nam0 2200229 450 | |
| 001 | 012007489636 | |
| 005 | 20071008113041.79 | |
| 010 | @a7-80110-643-1@dCNY25.00 | |
| 100 | @a20070730d2005 km y0chiy0120 ea | |
| 101 | 0 | @achi |
| 102 | @aCN@b110000 | |
| 105 | @ay z 000yy | |
| 200 | 1 | @a7S倍速学习法@A7S bei su xue xi fa@d= The way of 7S study@f高效能学习研究机构著@Fgao xiao neng xue xi yan jiu ji gou zhu@zeng |
| 210 | @a北京@c中国民航出版社@d2005.01 | |
| 215 | @a376页@d21cm | |
| 330 | @a本书主要讲述了7种让读者取得学习大突破的能力:S倍速学习力、S倍速记忆力、S倍速阅读力、S倍速思考力、S倍速想象力、S倍速分析力、S倍速创造力。 | |
| 510 | 1 | @aWay of 7S study@zeng |
| 606 | 0 | @a学习方法@Axue xi fang fa |
| 690 | @aG791@v4 | |
| 711 | 02 | @a高效能学习研究机构@Agao xiao neng xue xi yan jiu ji gou@4著 |
| 801 | 0 | @aCN@c20071008 |
| 905 | @dG791@eG194 | |
| 7S倍速学习法= The way of 7S study/高效能学习研究机构著.-北京:中国民航出版社,2005.01 |
| 376页;21cm |
| ISBN 7-80110-643-1:CNY25.00 |
| 本书主要讲述了7种让读者取得学习大突破的能力:S倍速学习力、S倍速记忆力、S倍速阅读力、S倍速思考力、S倍速想象力、S倍速分析力、S倍速创造力。 |
| ● |
| 相关链接 |
|
|
|
正题名:7S倍速学习法
索取号:G791/G194
 
预约/预借
| 序号 | 登录号 | 条形码 | 馆藏地/架位号 | 状态 | 备注 |
| 1 | 251934 | 202519346 | 社科库409/409社科库 18排3列1层/ [索取号:G791/G194] | 在馆 | |
| 2 | 251935 | 202519355 | 社科库409/409社科库 18排3列1层/ [索取号:G791/G194] | 在馆 |